00762nam a2200229Ia 4500001000600000003000900006008004100015040001300056040001300069041001300082100001900095100002900114245010500143245008700248250001100335260001100346260001200357260004900369300005900418650002400477650003100501 9645IT-RoPAU130308s9999 xx 000 0 und d aIT-RoPAU cIT-RoPAU aITALIANO aLoffredo Irene gCodice Aut. SPICS: 4555 a"Minus amant qui acute vident-Elementi rinascimentali negli ""Unprintable poems"" di Jonathan Swift" bMaterialita' del testo (La)-Ricerca interdisciplinare Sulle Pratiche Significanti a1a ed. aVERONA bBertani c1977 [1° Ed.:1977 - Ed.Ling.Originale:1977] a"10 p. (prefazione: no ; testo: 10 [pagine: 196-205])" aSAGGI DI SEMIOLOGIA eCodice materia Spics: 3257